Statistics for Top 20 most important and famous people from Massachusetts

Click here to take the quiz!

General Stats

  • This quiz has been taken 46 times
  • The average score is 11 of 20

Answer Stats

HintAnswer% Correct
President from 1961 until his assassination in 1963 in DallasJohn F. Kennedy
96%
Inventor and one of the Founding Fathers of the United StatesBenjamin Franklin
89%
Second president, one of the Founding FathersJohn Adams
89%
Writer, author of If I Ran the Zoo, Horton Hears a Who!, The Cat in the Hat and How the Grinch Stole ChristmasDr. Seuss
79%
President from 1989 to 1993George H. W. Bush
79%
Writer known for his poetry and short stories, particularly his tales of mystery and the macabreEdgar Allan Poe
68%
Actor, famous for his roles in Good Will Hunting and The Talented Mr. Ripley, winner of Academy Award in 1998Matt Damon
68%
Actress, famous for her role in Kill Bill filmsUma Thurman
61%
Actor who played Captain America in MCUChris Evans
50%
Actor, famous for his roles in American History X and Fight ClubEdward Norton
50%
Female writer of XIX century, one of the most important figures in American poetryEmily Dickinson
50%
Actor, famous for his roles in Some Like It Hot and The Apartment, two times winner of Academy AwardJack Lemmon
50%
Actor who played Michael Scott in The OfficeSteven Carell
46%
Singer, You've Got A Friend, Handy ManJames Taylor
43%
Social reformer and women's rights activist of XIX century who played a pivotal role in the women's suffrage movementSusan B. Anthony
39%
Actress, famous for her roles in Jezebel and Dangerous, two times winner of Academy AwardBette Davis
36%
Actor, famous for his roles in Big Trouble in Little China and The ThingKurt Russell
36%
One of the greatest boxers of all time, the only heavyweight champion to have finished his career undefeatedRocky Marciano
36%
One of the greatest professional wrestlers of all timeJohn Cena
29%
After his success as one of the earliest YouTube stars throughout the late 2000s, he gained notability in the early 2010s for his satirical and subversive stand-up and musical comedyBo Burnham
7%

Score Distribution

Percentile by Number Answered

Percent of People with Each Score

Your Score History

You have not taken this quiz